Normal view
MARC view
- Naima P. M
Entry Personal Name
001 - CONTROL NUMBER
- control field: 3657
003 - CONTROL NUMBER IDENTIFIER
- control field: OSt
005 - DATE AND TIME OF LATEST TRANSACTION
- control field: 20181010142733.0
008 - FIXED-LENGTH DATA ELEMENTS
- fixed length control field: 181010|| aca||aabn | a|a d
040 ## - CATALOGING SOURCE
- Original cataloging agency: OSt
- Transcribing agency: OSt
100 ## - HEADING--PERSONAL NAME
- Personal name: Naima P. M
670 ## - SOURCE DATA FOUND
- Source citation: Work cat.: (OSt)15137: ASWATHY P. R 3656, Effect of drip irrigation management and different soilless culture on growth and yield of tomato grown in naturally ventilated greenhouse
